000 00668nam a22001817a 4500
003 UA-OsUOA
001 11140
007 ta
008 20050223b un ||||| |||| 00| 0 ukr d
100 _aКохан В.
942 _cSA
040 _aUA-OsUOA
_cUA-OsUOA
_dUA-OsUOA
245 _aНа захист прав реабілітованих
_b[На сесії обл. ради 22 груд. 2004 р. створено комісію з питань поновлення прав реабілітованих]
300 _aС.2
955 _a0
773 0 _w0
_tВісті Рівненщини
_dРівне
_d2005
_g№14/18 лют./
650 7 _aРеабілітовані
_2UDC
999 _c297301
_d297301